Zapovězený skok : čtvrtý román z cyklu Kchrat /
Čtvrtá část galaktické ságy je příběhem vojáka, který opustil šachtranské území a dostal se až za hranice záhadné mlhoviny.
Uloženo v:
| Série: | Kchrat,
část 4 |
|---|---|
| Hlavní autor: | |
| Korporativní autor: | |
| Médium: | E-kniha |
| Jazyk: | Czech |
| Vydáno: |
Brno :
Host,
2026
|
| Vydání: | První vydání |
| Témata: | |
| Příbuzné jednotky: | Z cyklu::
Kchrat |
| Tagy: |
Žádné tagy |
| LEADER | 02511nam a2200397 i 4500 | ||
|---|---|---|---|
| 001 | 297551 | ||
| 003 | CZ PrSKC | ||
| 005 | 20260411063121.0 | ||
| 007 | ta | ||
| 008 | 260316s2026 xr g 000 f cze | ||
| 015 | |a cnb003740610 | ||
| 020 | |a 9788027527939 |q (brožováno) | ||
| 040 | |a ABG001 |b cze |e rda | ||
| 072 | 7 | |a 821.162.3-3 |x Česká próza |2 Konspekt | |
| 080 | |a 821.162.3-31 |2 MRF | ||
| 080 | |a (0:82-311.9) |2 MRF | ||
| 100 | 1 | |a Domská, Marie, |d 1982- |7 xx0216223 |4 aut | |
| 245 | 1 | 0 | |a Zapovězený skok : |b čtvrtý román z cyklu Kchrat / |c Marie Domská |
| 250 | |a První vydání | ||
| 264 | 1 | |a Brno : |b Host, |c 2026 | |
| 300 | |a 825 stran ; |c 21 cm | ||
| 336 | |a text |b txt |2 rdacontent | ||
| 337 | |a bez média |b n |2 rdamedia | ||
| 338 | |a svazek |b nc |2 rdacarrier | ||
| 520 | 2 | |a Čtvrtá část galaktické ságy je příběhem vojáka, který opustil šachtranské území a dostal se až za hranice záhadné mlhoviny. |b Dokáže šatchranský voják přežít na území odvěkého nepřítele? Před dvanácti sty lety napadly šatchrany děsivé stvůry z druhé strany tajemné mlhoviny. A nechybělo mnoho, aby je téměř vyhladily. Od té doby se šatchranští vesmírní vojáci snaží zničit každou cizí loď, která záhadně překoná neprostupnou mlhovinu a zjeví se v jejich vesmírném prostoru. Jednou na takového narušitele narazí i mladý a nezkušený Rašchet a bez zaváhání se s ním střetne. A selže. Jenže nezemře. Díky milosrdenství podivné posádky tak může zahlédnout, co se za mlhovinou doopravdy skrývá. A vzápětí zjišťuje, že žádné tajemství se neprozrazuje zadarmo, stvůry mohou mít mnoho podob a nic se neděje náhodou. Nakladatelská anotace. | |
| 655 | 7 | |a české romány |7 fd133974 |2 czenas | |
| 655 | 7 | |a vědecko-fantastické romány |7 fd133847 |2 czenas | |
| 655 | 9 | |a Czech fiction |2 eczenas | |
| 655 | 9 | |a science fiction novels |2 eczenas | |
| 710 | 2 | |a Host (vydavatelství) |7 ko2003163544 | |
| 787 | 0 | 8 | |i Z cyklu: |t Kchrat |g 4 |
| 900 | |a ABG001 |b 19 | ||
| 044 | |a xr | ||
| 910 | |a RBIT002 | ||
| 998 | |d 426163 |a https://core.palmknihy.cz/api/books/426163/cover?td9ulp |b https://core.palmknihy.cz/api/books/426163/cover/400?td9ulp |c https://core.palmknihy.cz/api/books/426163/cover/50?td9ulp |e 2033-12-31 |g 832 |i 9788027527939 |j https://core.palmknihy.cz/api/books/426163/preview.epub |k https://core.palmknihy.cz/api/books/426163/preview.pdf |l |q 49 |r 1 |s https://www.palmknihy.cz/kniha/426163 |t ebook |y 2026 |z 0 |v Cyklus Kchrat |w 4 | ||
| 999 | |d 297549 | ||